| Tag |
First Indicator |
Second Indicator |
Subfields |
| LEADER |
00000cam a2200000Ia 4500 |
| 001 |
in00001531421 |
| 005 |
20151022050547.0 |
| 008 |
000404s1998 sz 000 0 engsd |
| 020 |
|
|
|a 3907044827
|
| 035 |
|
|
|a (OCoLC)42578125
|
| 040 |
|
|
|a OHX
|b ger
|c OHX
|d CUS
|d TXA
|d UtOrBLW
|
| 049 |
|
|
|a TXAM
|
| 072 |
|
7 |
|a N
|2 lcco
|
| 090 |
|
|
|a TR647
|b .M677 1998
|
| 100 |
1 |
|
|a Morrison, Jasper,
|d 1959-
|
| 245 |
1 |
2 |
|a A world without words /
|c compiled by Jasper Morrison.
|
| 246 |
1 |
8 |
|a awww
|
| 246 |
3 |
|
|a a w w w
|
| 250 |
|
|
|a 1st ed.
|
| 264 |
|
1 |
|a Baden :
|b L. Müller,
|c [1998]
|
| 264 |
|
4 |
|c ©1998
|
| 300 |
|
|
|a 1 volume (unpaged) :
|b illustrations (some color) ;
|c 16 cm.
|
| 336 |
|
|
|a text
|b txt
|2 rdacontent
|
| 337 |
|
|
|a unmediated
|b n
|2 rdamedia
|
| 338 |
|
|
|a volume
|b nc
|2 rdacarrier
|
| 650 |
|
0 |
|a Photography, Artistic.
|
| 938 |
|
|
|a Otto Harrassowitz
|b HARR
|n har005098229
|c 24.00 DEM
|
| 948 |
|
|
|a cataloged
|b h
|c 2000/4/4
|d c
|e pkellar
|f 8:34:41 am
|
| 994 |
|
|
|a E0
|b TXA
|
| 999 |
|
|
|a MARS
|
| 999 |
f |
f |
|s c12b1e39-8b55-3b5c-bb1a-1d6def1aa4ab
|i 91c361bc-f929-3e08-9c51-397f18ddd664
|t 0
|
| 952 |
f |
f |
|p ric
|a Texas A&M University
|b Rellis Campus
|c Joint Library Facility
|d Remote Storage
|t 0
|e TR647 .M677 1998
|h Library of Congress classification
|i unmediated -- volume
|m A14825852479
|
| 998 |
f |
f |
|a TR647 .M677 1998
|t 0
|l Remote Storage
|